Most Popular Users in 2017 - Statistics

General Stats
  • This quiz has been taken 62 times
    60 since last reset
  • The average score is 4 of 20
Answer Stats
Rank Change Taken in 2017 Quiz User % Correct
1 1,711,536 Countries of the World with an Empty Map relessness
87%
5 2 936,966 Countries of the World - One Minute Sprint Jerry928
49%
3 1 1,047,101 Five Most Populated Countries by Continent Quizzer6794
44%
2 1,302,191 Countries by Borders in 90 Seconds scambigol
35%
10 1 179,440 Digits of Pi kalbahamut
31%
7 250,973 Countries Breakdown Puzzle #1 kiwirage
20%
4 2 957,928 Capitales del Mundo Gamer1162
16%
6 1 618,480 Country Shapes in the World Map #1 KoljiVriVoda
16%
18 NEW 123,685 Most-Visited Countries by U.S. Presidents Gassu69
13%
8 204,155 Organs of the Human Body (with map) Jiaozira
13%
9 3 188,888 Countries That End in Y LBA
7%
19 NEW 114,091 Most Visited Countries by Australians skukka
5%
12 2 144,983 Disney Animated Characters CBTemple
4%
17 3 127,163 Largest Deserts in the World cosmokim
4%
13 1 142,835 Country Boggle Geoguy
4%
15 NEW 133,727 Europe by Borders in 30 Seconds nichster
4%
16 2 132,986 Fast Typing Test - 100 WPM Challenge ThirdParty
4%
20 9 96,043 Answers Begin and End with the Same Letter buck1017
2%
11 6 161,374 Healthiest Fruits and Vegetables Kestrana
2%
14 6 136,867 Les 151 premiers pokemon en français katsudk
0%
No matching quizzes found
Score Distribution
Percent of People with Each Score
Percentile by Number Answered
Your Score History
You have not taken this quiz since the last reset